| 000 | 00840nam a2200229 a 4500 | ||
|---|---|---|---|
| 001 | 000545515 | ||
| 003 | AM-YeHGA | ||
| 005 | 20250618073045.0 | ||
| 008 | 070717s1946 nyu|||||r|||||||||0|arm|d | ||
| 040 | _aAM-YeHGA | ||
| 041 | 0 | _aarm | |
| 100 | 1 |
_aՏատրյան, Վահրամ, _d1900-1948 _93980 |
|
| 245 | 1 | 0 |
_aԻր անցեալը : _b(Նորավէպ պոլսահայ կեանքէ) / _cՎահրամ Տատրեան. |
| 260 |
_aՆիւ Եորք : _bտպ. Կոչնակ, _c1946. |
||
| 300 |
_a82 էջ : _bլուսանկ. |
||
| 440 | 0 |
_aՄատենաշար _v3 |
|
| 650 | 1 | 4 |
_aՍփյուռքահայ պատմություն _94891 |
| 650 | 1 | 4 |
_aՀայ գրականություն _xՎիպակ |
| 856 | 4 | 1 |
_uhttps://arar.sci.am/dlibra/publication/390915/edition/361592/content _yԿարդալ առցանց |
| 942 |
_2udc _cBK |
||
| 090 | _c207782 | ||
| 999 |
_c206280 _d206280 |
||